01180cas a2200289 a 450000100100000000500170001000800410002702200140006804000250008221000320010722200490013924500500018824600310023826000240026930000250029331000190031832100240033736200190036150001550038050000860053551500840062150000450070559000330075001200270078324900650081099900150087500000132520200929145537.0751101c18949999fr qr p g 0 b0fre  a0373-6156 aDO-SdBNPbspacBNPHU0 aRev. gen. droit int. public 0aRevue generale de droit international public00aRevue generale de droit international public.30aDroit international public aParis :bA. Pedone. av. :bmaps ;c25 cm. aQuarterly,b19 aBimonthly,b1894-191 aBegan in 1894. aOn t.p. of v. 13 (1906)-80 (1976): Recompensee par l'institut de France, 1904; Fondation Drouyn de Lhuys; Academie des sciences morales et politiques. aDescription based on: 15e annee, nos 1 et 2 (1908 janv.-avril); title from cover. aVols. 26-33 called also 2 ser., v. 1-8; v. 34-80 called also 3 ser., v. 1-[47]. aLatest issue consulted: T. 106 (2002/1). aBeing reclassed from JX3.R56 a-3-7-0707240368-p-87050 iACQUIRE Title:aRevue generale de droit international public c1258d1258